| 000 | 00772nam a2200205 a 4500 | ||
|---|---|---|---|
| 005 | 20240924065031.0 | ||
| 008 | 991125s1995 mx 000 0 spa u | ||
| 035 | _aUPN01000001676 | ||
| 049 | _aCG | ||
| 050 | 4 |
_aLA424 _bA42 |
|
| 100 | 1 | _aAlvarado Castillo, Ignacio | |
| 245 | 1 | 0 |
_aAlgunas reflexiones sobre el acuerdo nacional para la modernización de la educación básica / _cIgnacio Alvarado Castillo. |
| 260 |
_aMéxico : _bI. Alvarado Castillo, _c1995. |
||
| 300 | _a71 h. | ||
| 502 | _aTesina (Lic. en Pedagogía) -- Universidad Nacional Autónoma de México. Facultad de Filosofía y Letras. Colegio de Pedagogía, 1995 | ||
| 650 | 4 |
_aEducación primaria _zMéxico _94838 |
|
| 650 | 7 |
_aModernización educativa _2 _94852 |
|
| 905 | _aLibro | ||
| 999 |
_c1676 _d1676 |
||